Finančné právo

Saved in:
Bibliographic Details
Main Author: Králik, Jozef
Other Authors: Jakubovič, Daniel
Format: Book
Language:Slovak
Published: Bratislava VEDA 2004
Subjects:
Tags: Add Tag
No Tags, Be the first to tag this record!

MARC

LEADER 00000nam$a2200000$$$4500
001 0022392
005 20221207102623.2
020 |a 80-224-0804-2 
041 0 |a slo 
044 |a SK 
245 1 0 |a Finančné právo  |c Jozef Králik, Daniel Jakubovič 
264 1 |a Bratislava  |b VEDA  |c 2004 
300 |a 725 s. 
610 2 0 |a právo finančné 
610 2 0 |a rozpočty 
610 2 0 |a právo colné 
610 2 0 |a úpravy právne 
610 2 0 |a podnik štátny 
610 2 0 |a organizácie príspevkové 
610 2 0 |a trh finančný 
610 2 0 |a devízy 
610 2 0 |a dane 
610 2 0 |a fondy štruktúrne 
610 2 0 |a normy právne 
610 2 0 |a zákony 
610 2 0 |a legislatíva 
610 2 0 |a Slovensko 
100 1 |a Králik, Jozef 
700 1 |a Jakubovič, Daniel